[Event "51st Canadian Open 2014"]
[Site "Montreal CAN"]
[Date "2014.07.21"]
[Round "4.5"]
[White "Sambuev, Bator"]
[Black "Taborsky, Rostislav"]
[Result "1-0"]
[WhiteTitle "GM"]
[BlackTitle "FM"]
[WhiteElo "2526"]
[BlackElo "2193"]
[WhiteFideId "4128290"]
[BlackFideId "307491"]
[EventDate "2014.07.19"]

1. d4 Nf6 2. Nf3 g6 3. c4 c5 4. d5 b5 5. cxb5 a6 6. Nc3 axb5 7. d6 Bg7 8. Bg5
O-O 9. e3 Ba6 10. dxe7 Qxe7 11. Bxb5 Bxb5 12. Nxb5 d5 13. Bxf6 Qxf6 14. Qxd5
Qxb2 15. O-O Na6 16. Rab1 Qf6 17. a3 Rfd8 18. Qc4 h5 19. h4 Rd7 20. Rfd1 Rad8
21. Rxd7 Rxd7 22. Qe4 Nc7 23. Nxc7 Rxc7 24. Rb8+ Bf8 25. Qa8 Qe7 26. Re8 Qd6 27.
Qb8 Rd7 28. Qc8 Rc7 29. Rxf8+ 1-0

[Event "51st Canadian Open 2014"]
[Site "Montreal CAN"]
[Date "2014.07.21"]
[Round "4.6"]
[White "Leveille, Francois"]
[Black "Sevian, Samuel"]
[Result "1/2-1/2"]
[WhiteTitle "FM"]
[BlackTitle "IM"]
[WhiteElo "2281"]
[BlackElo "2464"]
[WhiteFideId "2600307"]
[BlackFideId "2040506"]
[EventDate "2014.07.19"]

1. Nf3 Nf6 2. d4 c5 3. d5 e6 4. c4 d6 5. Nc3 exd5 6. cxd5 g6 7. g3 Bg7 8. Bg2
O-O 9. O-O a6 10. a4 Re8 11. Bf4 Nh5 12. Bg5 Qc7 13. h3 Nd7 14. Kh2 Rb8 15. a5
b5 16. axb6 Nxb6 17. e4 Nd7 18. Ra2 a5 19. Re1 Ba6 20. Bc1 Rb4 21. g4 Nhf6 22.
e5 Nxe5 23. Nxe5 Rd4 24. Nd3 Rxe1 25. Qxe1 Bxd3 26. g5 Nd7 27. Qe8+ Nf8 28. f4
Rb4 29. Qe3 Bf5 30. Qe8 h6 31. h4 Rb8 32. Qe2 Qd8 33. Bd2 Qb6 34. Nd1 Qb3 35.
Rxa5 Bc2 36. Ne3 Bd3 37. Qe1 hxg5 38. hxg5 Qxb2 39. Ng4 Qc2 40. Ra7 Bc4 41. Nf6+
Bxf6 42. gxf6 Qf5 43. Rxf7 Qh5+ 44. Kg1 Bxd5 45. Bxd5 Qxd5 46. Rg7+ Kh8 47. Qh4+
Qh5 48. Qxh5+ gxh5 49. Rg5 Ne6 50. Rxh5+ Kg8 51. Rd5 Rb6 52. f5 Nc7 53. Rd3 Kf7
54. Ba5 Rb1+ 55. Kf2 Ne8 56. Bd8 Rb8 57. Be7 Rb6 58. Ke2 Rc6 59. Kd1 Rc7 60. Kc2
Rd7 61. Kc3 Nxf6 62. Bxd6 Ne4+ 63. Kc4 Nxd6+ 64. Kxc5 Ne4+ 65. Kc4 Re7 66. Rd8
Kf6 67. Kd4 Kxf5 68. Rd5+ Kf4 69. Rd8 Nf6 70. Rd6 Re4+ 71. Kd3 Re3+ 72. Kd4 Ng4
73. Rd8 Re4+ 74. Kd3 Ne5+ 75. Kd2 Ra4 76. Rh8 Ra3 77. Rh4+ Ng4 78. Kc2 Rg3 79.
Rh8 Ke4 80. Rd8 Nf6 81. Rh8 Kd4 82. Rh2 Ne4 83. Re2 Rc3+ 84. Kb2 Nc5 85. Re8
Nd3+ 86. Ka2 Rc7 87. Kb3 Rb7+ 88. Kc2 Rb2+ 89. Kd1 Ne5 90. Ke1 Ra2 91. Re7 Ke4
92. Re8 Rb2 93. Re7 Rb5 94. Kd2 Kd4 95. Kc2 Rc5+ 96. Kd2 Ra5 97. Re8 Ra2+ 98.
Ke1 Nf3+ 99. Kf1 Nh2+ 100. Ke1 Nf3+ 101. Kf1 Nd2+ 102. Ke2 Ne4+ 103. Kf3 Rf2+
104. Kg4 Nf6+ 105. Kg3 Rf5 106. Ra8 Ne4+ 107. Kg4 Rg5+ 108. Kf4 Rg7 109. Rd8+
Kc5 1/2-1/2

[Event "51st Canadian Open 2014"]
[Site "Montreal CAN"]
[Date "2014.07.21"]
[Round "4.8"]
[White "Perez Rodriguez, Luis Manuel"]
[Black "Cao, Jason"]
[Result "0-1"]
[WhiteTitle "GM"]
[BlackTitle "FM"]
[WhiteElo "2387"]
[BlackElo "2177"]
[WhiteFideId "3503364"]
[BlackFideId "2611112"]
[EventDate "2014.07.19"]

1. e4 c5 2. Nf3 d6 3. d4 cxd4 4. Nxd4 Nf6 5. Nc3 a6 6. Bg5 Nbd7 7. Qe2 Qc7 8.
O-O-O e6 9. f4 b5 10. g4 Bb7 11. a3 Be7 12. Bg2 Rb8 13. h4 Nb6 14. Bxf6 Bxf6 15.
g5 Bxd4 16. Rxd4 Nc4 17. Rh3 O-O 18. h5 Rfc8 19. g6 fxg6 20. hxg6 h6 21. Rhd3
Bc6 22. Bh3 Re8 23. Rd1 a5 24. Rxc4 bxc4 25. Bxe6+ Rxe6 26. Qxc4 d5 27. exd5
Rxg6 28. f5 Rf6 29. dxc6+ Kh8 30. Nd5 Rxc6 31. Qe4 Qb7 32. Qe5 Rd8 33. f6 Rcd6
34. c4 gxf6 35. Qe3 Qh7 36. b3 a4 37. b4 Rc8 0-1

[Event "51st Canadian Open 2014"]
[Site "Montreal CAN"]
[Date "2014.07.21"]
[Round "4.9"]
[White "Plotkin, Victor"]
[Black "De Firmian, Nick E"]
[Result "1/2-1/2"]
[WhiteTitle "FM"]
[BlackTitle "GM"]
[WhiteElo "2275"]
[BlackElo "2509"]
[WhiteFideId "2606674"]
[BlackFideId "2000105"]
[EventDate "2014.07.19"]

1. e4 Nf6 2. e5 Nd5 3. d4 d6 4. Nf3 g6 5. Bc4 Nb6 6. Bb3 Bg7 7. O-O O-O 8. exd6
cxd6 9. Bg5 Nc6 10. c3 h6 11. Be3 Na5 12. Bc2 Nbc4 13. Bc1 d5 14. Nbd2 Nd6 15.
Nb3 Nac4 16. Nc5 b6 17. Nd3 Bf5 18. Nde5 Bxc2 19. Qxc2 Rc8 20. Re1 b5 21. Qe2 e6
22. Nd3 a5 23. Nfe5 b4 24. cxb4 Nf5 25. Nf3 axb4 26. Be3 Qa5 27. g4 Nfxe3 28.
fxe3 Rc7 29. Rec1 Rfc8 30. Qe1 Bf8 31. b3 Na3 32. Rxc7 Rxc7 33. Rc1 Rc3 34. Qd2
Qc7 35. Nfe5 f6 36. Nxg6 Rxd3 37. Rxc7 Rxd2 38. Rc8 Kf7 39. Nxf8 Nc2 40. Nd7
Nxe3 41. h3 Rxd4 42. Nc5 Ke7 43. Nxe6 Kxe6 44. Re8+ Kf7 45. Rxe3 Rd2 46. Rf3
Rxa2 47. Rf4 Ke6 48. Rxb4 Ke5 49. Rb8 d4 50. Kf1 Rh2 51. b4 Rxh3 52. b5 Rb3 53.
b6 Kd6 54. b7 Kc7 55. Rf8 Rxb7 56. Rxf6 Rb6 57. Rf4 Rd6 58. Ke2 Kc6 59. Kd3 Kc5
60. Rf5+ Rd5 61. Rf6 h5 62. gxh5 Rxh5 63. Kd2 1/2-1/2

[Event "51st Canadian Open 2014"]
[Site "Montreal CAN"]
[Date "2014.07.21"]
[Round "4.10"]
[White "Gentes, Kevin"]
[Black "Vera Gonzalez-Quevedo, Reynaldo"]
[Result "1/2-1/2"]
[WhiteTitle "FM"]
[BlackTitle "GM"]
[WhiteElo "2261"]
[BlackElo "2468"]
[WhiteFideId "2601109"]
[BlackFideId "3500055"]
[EventDate "2014.07.19"]

1. d4 d5 2. c4 c6 3. Nf3 Nf6 4. Qb3 e6 5. g3 dxc4 6. Qxc4 b5 7. Qc2 Bb7 8. Bg2
Nbd7 9. O-O c5 10. Nbd2 Rc8 11. dxc5 Bxc5 12. Qd3 a6 13. Ng5 Bxg2 14. Kxg2 O-O
15. Nb3 Bb6 16. Nf3 Qc7 17. Bd2 e5 18. Ng5 Rfd8 19. Qf3 Qc2 20. Rfc1 e4 21. Qf5
Qxb2 22. Rxc8 Rxc8 23. Nxe4 Nxe4 24. Qxd7 Rd8 25. Qc6 Nxd2 26. Qxb6 Rf8 27. Qxa6
Nxb3 28. axb3 Qxe2 29. Qb7 1/2-1/2

[Event "51st Canadian Open 2014"]
[Site "Montreal CAN"]
[Date "2014.07.21"]
[Round "4.11"]
[White "Humphreys, Michael"]
[Black "Ruiz Sanchez, Orlen"]
[Result "1-0"]
[WhiteTitle "FM"]
[BlackTitle "IM"]
[WhiteElo "2129"]
[BlackElo "2465"]
[WhiteFideId "2607522"]
[BlackFideId "3506231"]
[EventDate "2014.07.19"]

1. d4 d5 2. Nf3 Nf6 3. c4 c6 4. Nc3 e6 5. e3 Nbd7 6. Bd3 dxc4 7. Bxc4 b5 8. Bd3
Bd6 9. O-O O-O 10. Bd2 Bb7 11. Rc1 Rc8 12. e4 e5 13. dxe5 Nxe5 14. Nxe5 Bxe5 15.
Qe2 Re8 16. Rfd1 Qd6 17. g3 Qe6 18. f3 a6 19. a4 c5 20. axb5 c4 21. Bb1 axb5 22.
Be3 Bc6 23. b3 b4 24. Na2 cxb3 25. Nxb4 Ba8 26. Nd3 Qa6 27. Qf2 Bb8 28. Nc5 Qb5
29. Rc3 Ba7 30. Rxb3 Qa5 31. Nd7 Nxd7 32. Bxa7 Qa4 33. Qa2 Qc6 34. Bd4 Ne5 35.
Bxe5 Rxe5 36. Rbd3 Qb6+ 37. Qf2 Qa5 38. Qa2 Qb6+ 39. Qf2 Qa5 40. Qd2 Qb6+ 41.
Kg2 Ree8 42. Ba2 Bc6 43. Qf4 Qb7 44. R1d2 h6 45. h4 Ra8 46. Rc3 Re7 47. g4 Rae8
48. Kg3 Bxe4 49. fxe4 Rxe4 50. Bd5 Rxf4 51. Bxb7 Rf1 52. Rc8 Rxc8 53. Bxc8 g6
54. Ba6 Rg1+ 55. Kf4 Rh1 56. Bb7 Rf1+ 57. Kg3 Kg7 58. Bf3 Re1 59. Rd7 Kf8 60.
Kf2 Re7 61. Rxe7 Kxe7 62. Ke3 h5 63. g5 f6 64. Be4 Kf7 65. Kf4 Kg7 66. Bc6 fxg5+
67. hxg5 Kf8 68. Ke5 Kf7 69. Bd5+ 1-0

[Event "51st Canadian Open 2014"]
[Site "Montreal CAN"]
[Date "2014.07.21"]
[Round "4.12"]
[White "Kleinplatz, Sam"]
[Black "Cheng, Bindi"]
[Result "0-1"]
[WhiteTitle "FM"]
[BlackTitle "IM"]
[WhiteElo "2257"]
[BlackElo "2410"]
[WhiteFideId "616680"]
[BlackFideId "2682249"]
[EventDate "2014.07.19"]

1. Nf3 Nf6 2. g3 g6 3. Bg2 Bg7 4. O-O O-O 5. d3 d5 6. Nbd2 c5 7. c3 Nc6 8. Qc2
Qc7 9. e4 Rd8 10. Re1 e5 11. exd5 Nxd5 12. Ne4 h6 13. Be3 b6 14. Rad1 Bb7 15.
Bc1 Rd7 16. h4 Rf8 17. Qe2 Re7 18. h5 Nf6 19. hxg6 fxg6 20. Nh4 Kh7 21. Nd2 Ref7
22. Ne4 Ne7 23. Be3 Nf5 24. Nxf6+ Rxf6 25. Bxb7 Qxb7 26. Nxf5 gxf5 27. Bc1 Rg6
28. Qh5 f4 29. Re4 fxg3 30. f3 Qf7 31. Kg2 Qxa2 32. Rde1 Qf7 33. Rf1 Qd7 34. d4
exd4 35. cxd4 c4 36. Bd2 Qf5 37. Qh4 Rf7 38. Qd8 Re6 0-1

[Event "51st Canadian Open 2014"]
[Site "Montreal CAN"]
[Date "2014.07.21"]
[Round "4.13"]
[White "Perez Garcia, Rodney Oscar"]
[Black "Foisor, Sabina-Francesca"]
[Result "1/2-1/2"]
[WhiteTitle "IM"]
[BlackTitle "WGM"]
[WhiteElo "2357"]
[BlackElo "2234"]
[WhiteFideId "3500918"]
[BlackFideId "1212915"]
[EventDate "2014.07.19"]

1. e4 e6 2. d4 d5 3. Nc3 Bb4 4. Ne2 dxe4 5. a3 Be7 6. Nxe4 Nd7 7. Qd3 Ngf6 8.
Bf4 Nxe4 9. Qxe4 Nf6 10. Qf3 O-O 11. O-O-O c6 12. Nc3 Qa5 13. Bd3 Bd7 14. Ne4
Nxe4 15. Qxe4 f5 16. Qe5 b5 17. Qc7 Qxc7 18. Bxc7 Rac8 19. Be5 c5 20. dxc5 Bxc5
21. Rd2 Bc6 22. Re1 a5 23. Bf1 Rfd8 24. Red1 Be7 25. Rxd8+ Rxd8 26. Rxd8+ Bxd8
27. b4 axb4 28. axb4 Be7 29. c3 Kf7 30. Kd2 g5 31. g3 1/2-1/2

[Event "51st Canadian Open 2014"]
[Site "Montreal CAN"]
[Date "2014.07.21"]
[Round "4.15"]
[White "Pina Vega, Sulennis"]
[Black "Ramachandran, Karthik N"]
[Result "1-0"]
[WhiteTitle "WGM"]
[WhiteElo "2317"]
[BlackElo "2153"]
[WhiteFideId "3503151"]
[BlackFideId "2005115"]
[EventDate "2014.07.19"]

1. Nf3 Nf6 2. g3 d5 3. Bg2 e6 4. d3 Be7 5. Nbd2 b6 6. O-O Bb7 7. e4 dxe4 8. Ng5
Nbd7 9. Ngxe4 Qc8 10. Re1 Nc5 11. Nc4 O-O 12. Nxf6+ Bxf6 13. Ne5 Bxg2 14. Kxg2
Qb7+ 15. Qf3 Qxf3+ 16. Kxf3 Rfd8 17. h4 h5 18. Bg5 Bxg5 19. hxg5 g6 20. b4 Nb7
21. c3 c5 22. b5 Rd5 23. a4 Na5 24. Rab1 Rad8 25. Re3 Kg7 26. Ke2 Ra8 27. f4 Nb7
28. Rh1 Rdd8 29. g4 hxg4 30. Nxg4 a6 31. Reh3 axb5 32. Rh7+ Kf8 33. Ne5 Nd6 34.
Rh8+ Ke7 35. Nc6+ Kd7 36. Nxd8 Rxd8 37. Rxd8+ Kxd8 38. axb5 Nxb5 39. Kd2 Nc7 40.
c4 b5 41. cxb5 Nxb5 42. Rc1 Nc7 43. Rxc5 Nd5 44. Rc4 Ke7 45. Ke2 Kf8 46. Kf3 Ne7
47. Ke4 Kg7 48. Ke5 Nf5 49. Rc7 Ne3 50. Kd6 Ng2 51. Rc4 Kf8 52. Kd7 Ne1 53. Rc8+
Kg7 54. Ke8 Nxd3 55. Rc7 e5 56. Rxf7+ Kg8 57. fxe5 Nxe5 58. Rf8+ Kg7 59. Ke7
Nc6+ 60. Kd7 Ne5+ 61. Ke6 Nd3 62. Rf7+ Kg8 63. Kf6 Ne5 64. Re7 1-0

[Event "51st Canadian Open 2014"]
[Site "Montreal CAN"]
[Date "2014.07.21"]
[Round "4.18"]
[White "Rodriguez, Adrien"]
[Black "Tang, Edward"]
[Result "1-0"]
[WhiteElo "2203"]
[BlackElo "2161"]
[WhiteFideId "20691866"]
[BlackFideId "2610892"]
[EventDate "2014.07.19"]

1. d4 Nf6 2. Nf3 e6 3. c4 b6 4. g3 Bb7 5. Bg2 Be7 6. O-O O-O 7. d5 exd5 8. Nh4
c6 9. cxd5 Nxd5 10. Nf5 Nc7 11. e4 d5 12. Nc3 Bf6 13. Re1 Re8 14. Bf4 Ne6 15.
exd5 Nxf4 16. Rxe8+ Qxe8 17. gxf4 Qd7 18. dxc6 Qxd1+ 19. Rxd1 Bxc6 20. Nd5 1-0

[Event "51st Canadian Open 2014"]
[Site "Montreal CAN"]
[Date "2014.07.21"]
[Round "4.19"]
[White "Masse, Hugues"]
[Black "Zhou, Qiyu"]
[Result "1-0"]
[BlackTitle "WCM"]
[WhiteElo "2202"]
[BlackElo "2029"]
[WhiteFideId "2604264"]
[BlackFideId "505161"]
[EventDate "2014.07.19"]

1. d4 Nf6 2. c4 g6 3. g3 Bg7 4. Bg2 d6 5. Nf3 O-O 6. Nc3 Nc6 7. O-O Bg4 8. h3
Bxf3 9. Bxf3 Nd7 10. e3 e5 11. d5 Ne7 12. e4 f5 13. h4 Nf6 14. h5 gxh5 15. Bxh5
f4 16. Bf3 Qe8 17. Kg2 Qg6 18. Rh1 Rf7 19. Bh5 Nxh5 20. Qxh5 Qxh5 21. Rxh5 fxg3
22. fxg3 Raf8 23. Be3 Rf3 24. Re1 a6 25. Nd1 R8f7 26. Rhh1 Ng6 27. Re2 Nf8 28.
Rf2 Rxf2+ 29. Nxf2 Nd7 30. b4 Nb6 31. Rc1 Bf8 32. c5 Nc8 33. Nd3 dxc5 34. bxc5
Bg7 35. Nb2 Kf8 36. Nc4 Ke8 37. Rb1 c6 38. dxc6 bxc6 39. Rb8 Rc7 40. Nb6 Kd8 41.
Bg5+ Ke8 42. Nxc8 Kf7 43. Nd6+ 1-0

[Event "51st Canadian Open 2014"]
[Site "Montreal CAN"]
[Date "2014.07.21"]
[Round "4.20"]
[White "Rey, Fabrice"]
[Black "Zhang, Yuanchen"]
[Result "0-1"]
[BlackTitle "FM"]
[WhiteElo "2152"]
[BlackElo "2170"]
[WhiteFideId "606820"]
[BlackFideId "2611902"]
[EventDate "2014.07.19"]

1. d4 Nf6 2. c4 e6 3. g3 d5 4. Nf3 Be7 5. Bg2 O-O 6. O-O dxc4 7. Ne5 c5 8. dxc5
Qc7 9. Nxc4 Qxc5 10. Qb3 Nc6 11. Nbd2 b5 12. Qe3 Bd7 13. Qxc5 Bxc5 14. Nb3 Be7
15. Ne3 a5 16. Rd1 Ra6 17. Ng4 Nxg4 18. Rxd7 Nge5 19. Rb7 a4 20. Nd2 Bf6 21. Ne4
Nd4 22. Nxf6+ gxf6 23. Kf1 Rd8 24. Rb1 Nc2 25. Bf4 Nc4 26. Be4 e5 27. Bh6 Nd4
28. Bd3 f5 29. Bxc4 bxc4 30. Bg5 Rc8 31. Bd2 a3 32. Bc3 axb2 33. R1xb2 Ra3 34.
Bb4 Ra4 35. e3 c3 36. Bxc3 Rxc3 37. exd4 Rxd4 38. Re7 Rd1+ 39. Kg2 e4 40. Re5
Rf3 41. Re7 Rdd3 42. h4 h5 43. Re5 Kg7 44. Reb5 f4 45. Rxh5 fxg3 46. Rg5+ Kf6
47. fxg3 Ra3 48. Re2 Rfd3 49. Rxe4 Rxa2+ 50. Kh3 Rf2 51. Ra4 Rff3 52. Ra6+ Ke7
53. h5 Rf1 54. Kg2 Rfd1 55. Rf5 R3d2+ 56. Kh3 Rd6 57. Ra7+ Rd7 58. Raa5 R1d6 59.
Kh4 Kf8 60. Ra8+ Kg7 61. Rg5+ Kh7 62. Rgg8 Rd1 63. Rh8+ Kg7 64. h6+ Kg6 65.
Rag8+ Kf5 66. Kh3 R7d2 0-1

[Event "51st Canadian Open 2014"]
[Site "Montreal CAN"]
[Date "2014.07.21"]
[Round "4.21"]
[White "Tomb, Maroun"]
[Black "Villavieja, Butch"]
[Result "0-1"]
[WhiteElo "2147"]
[BlackElo "2158"]
[WhiteFideId "5300398"]
[BlackFideId "5204461"]
[EventDate "2014.07.19"]

1. c4 Nf6 2. Nc3 g6 3. e4 d6 4. d4 Bg7 5. Bg5 h6 6. Bh4 O-O 7. f4 c5 8. d5 Qa5
9. Qd2 Re8 10. Bd3 e6 11. Nge2 exd5 12. exd5 Nbd7 13. O-O-O a6 14. Rhe1 b5 15.
cxb5 axb5 16. Nxb5 Qb6 17. Nec3 Ba6 18. Rxe8+ Nxe8 19. Na3 Bxd3 20. Qxd3 Qb4 21.
Nc4 Nb6 22. Nxb6 Qxb6 23. a3 Rb8 24. Qc2 Nc7 25. f5 gxf5 26. Rd3 f4 27. Be1 c4
28. Rd1 Be5 29. Bf2 Qa5 30. Bd4 Nxd5 31. Nxd5 Qxd5 32. Ba7 Bxb2+ 33. Kb1 Be5+
34. Bxb8 Qb7+ 35. Ka2 Qxb8 36. Rb1 Qc8 37. Qe4 Qe6 38. Rb6 c3+ 39. Kb1 Qg4 40.
Kc2 Qh4 41. Qe2 Kg7 42. h3 h5 43. Rb4 Qg5 44. Qf3 Qg6+ 45. Kc1 Qh6 46. Rb7 Qg5
47. Rb5 Qh4 48. Kd1 Qg5 49. a4 Kh6 50. a5 Qd8 51. Qc6 Qg5 52. a6 f3 53. Kc2 Qg6+
54. Kb3 fxg2 0-1

[Event "51st Canadian Open 2014"]
[Site "Montreal CAN"]
[Date "2014.07.22"]
[Round "5.1"]
[White "Van Kampen, Robin"]
[Black "Tiviakov, Sergei"]
[Result "1/2-1/2"]
[WhiteTitle "GM"]
[BlackTitle "GM"]
[WhiteElo "2636"]
[BlackElo "2656"]
[WhiteFideId "1020854"]
[BlackFideId "1008013"]
[EventDate "2014.07.19"]

1. e4 d5 2. exd5 Qxd5 3. Nc3 Qd6 4. d4 Nf6 5. Nf3 c6 6. g3 Bg4 7. Bg2 e6 8. h3
Bxf3 9. Bxf3 Be7 10. O-O O-O 11. Ne2 Qc7 12. c3 Nbd7 13. Bg2 a6 14. Qb3 b5 15.
Bd2 Nb6 16. Qc2 Rac8 17. Rad1 Nfd5 18. Bc1 Bd6 19. Kh1 c5 20. dxc5 Qxc5 21. Qe4
Rfe8 22. Nd4 b4 23. cxb4 Qxb4 24. a3 Qc5 25. Qd3 Qc4 26. Qxc4 Nxc4 27. Nf5 Be5
28. Bxd5 exd5 29. b3 Nb6 30. Be3 Rb8 31. a4 g6 32. Nh6+ Kf8 33. Bc5+ Kg7 34. Ng4
Nd7 35. Be3 Bc3 36. Rxd5 Nf6 37. Bh6+ Kg8 38. Nxf6+ Bxf6 39. Rd6 Bg7 40. Bxg7
Kxg7 41. Rb1 a5 42. Rd5 Re2 43. Kg2 Rb6 44. Rxa5 Rf6 45. Rf1 Rb6 46. Rb5 Rxb5
47. axb5 Rb2 48. Rc1 Rxb3 49. Rc5 h5 50. h4 Kh7 51. Kf1 Rb2 52. Ke1 Kg7 53. Kd1
Rxf2 54. Kc1 Re2 55. b6 Re8 56. b7 Rb8 57. Rb5 Kf6 58. Kd2 Ke6 59. Ke3 Kd6 60.
Kd4 Kc6 61. Rb1 f6 62. Rf1 Rd8+ 63. Kc4 Kxb7 64. Rxf6 Rg8 65. Kd5 g5 66. Rh6
gxh4 67. gxh4 Kc7 68. Ke6 Kd8 69. Rxh5 Ke8 70. Kf6 Rf8+ 71. Kg7 Rf7+ 72. Kg6 Ke7
73. Rh8 Rf6+ 74. Kg5 Kf7 75. Rh7+ Kg8 76. Kxf6 1/2-1/2

[Event "51st Canadian Open 2014"]
[Site "Montreal CAN"]
[Date "2014.07.22"]
[Round "5.4"]
[White "Cao, Jason"]
[Black "Fedorowicz, John P"]
[Result "1/2-1/2"]
[WhiteTitle "FM"]
[BlackTitle "GM"]
[WhiteElo "2177"]
[BlackElo "2422"]
[WhiteFideId "2611112"]
[BlackFideId "2000083"]
[EventDate "2014.07.19"]

1. e4 d6 2. d4 Nf6 3. f3 g6 4. c4 Bg7 5. Nc3 O-O 6. Be3 Nbd7 7. Nge2 a6 8. Qd2
c5 9. Rd1 Qa5 10. Nc1 cxd4 11. Bxd4 Ne5 12. Be2 Be6 13. Nb3 Qb4 14. Nd5 Qxd2+
15. Kxd2 Nc6 16. Bc3 Rac8 17. Ke3 Nd7 18. Bxg7 Kxg7 19. f4 Nc5 20. Nxc5 dxc5 21.
Nb6 Rc7 22. Na4 Nd4 23. Nxc5 Nc2+ 24. Kd2 Rxc5 25. Kxc2 Bxc4 26. Bxc4 Rxc4+ 27.
Kd3 Rfc8 28. Rhe1 Rc2 29. Re2 R2c7 30. Red2 Ra8 1/2-1/2

[Event "51st Canadian Open 2014"]
[Site "Montreal CAN"]
[Date "2014.07.22"]
[Round "5.5"]
[White "Ghaem Maghami, Ehsan"]
[Black "Pina Vega, Sulennis"]
[Result "1-0"]
[WhiteTitle "GM"]
[BlackTitle "WGM"]
[WhiteElo "2586"]
[BlackElo "2317"]
[WhiteFideId "12500739"]
[BlackFideId "3503151"]
[EventDate "2014.07.19"]

1. c4 e6 2. Nc3 d5 3. d4 Nf6 4. Bg5 Be7 5. Nf3 O-O 6. e3 dxc4 7. Bxc4 a6 8. O-O
c5 9. dxc5 Qxd1 10. Rfxd1 Bxc5 11. Ne5 b5 12. Be2 Bb7 13. Rac1 Bb4 14. Bh4 Nd5
15. Ne4 Rc8 16. Bh5 g6 17. Rxc8+ Bxc8 18. Nf6+ Nxf6 19. Bxf6 Ba5 20. Rc1 Bd7 21.
Bf3 Ra7 22. Nxd7 Nxd7 23. Rc8+ Nf8 24. g4 h6 25. a3 b4 26. Re8 bxa3 27. bxa3 Bb6
28. Be7 Rxe7 29. Rxe7 Bc5 30. Rb7 Bxa3 31. Bc6 a5 32. Be8 f5 33. h3 Bb4 34. Kg2
g5 35. Bf7+ Kh8 36. Kf3 fxg4+ 37. hxg4 Be1 38. Ke2 Bb4 39. Kd3 e5 40. Ke4 Be1
41. Bb3 Ng6 42. Kf5 Nh4+ 43. Kf6 e4 44. Rb8+ 1-0

[Event "51st Canadian Open 2014"]
[Site "Montreal CAN"]
[Date "2014.07.22"]
[Round "5.6"]
[White "Cheng, Bindi"]
[Black "Gerzhoy, Leonid"]
[Result "1/2-1/2"]
[WhiteTitle "IM"]
[BlackTitle "IM"]
[WhiteElo "2410"]
[BlackElo "2481"]
[WhiteFideId "2682249"]
[BlackFideId "2806126"]
[EventDate "2014.07.19"]

1. d4 Nf6 2. c4 d6 3. Nc3 Nbd7 4. Nf3 g6 5. e4 e5 6. Be2 Bg7 7. O-O O-O 8. Re1
exd4 9. Nxd4 Re8 10. f3 c6 11. Kh1 Nh5 12. f4 Qh4 13. Nf3 Ng3+ 14. Kg1 Nxe2+ 15.
Rxe2 Qe7 16. Be3 Bxc3 17. bxc3 Nf8 18. h3 Qxe4 19. Qxd6 Qe7 20. Qxe7 Rxe7 21.
Rae1 Bf5 22. Ne5 f6 23. Bc5 Re6 24. g4 fxe5 25. gxf5 gxf5 26. Rxe5 Rae8 27. Bxa7
Rxe5 28. fxe5 Ra8 29. Bf2 Ne6 30. Rb1 Rxa2 31. Rxb7 f4 32. h4 f3 33. Be3 Re2 34.
Re7 Ng7 35. Bf2 Nf5 36. Re6 c5 37. Rc6 Rxe5 38. Rxc5 Rxc5 39. Bxc5 Nxh4 40. Kf2
Kf7 41. Kg3 Nf5+ 42. Kxf3 Ke6 43. Kf4 Nd6 1/2-1/2

[Event "51st Canadian Open 2014"]
[Site "Montreal CAN"]
[Date "2014.07.22"]
[Round "5.7"]
[White "Sevian, Samuel"]
[Black "Humphreys, Michael"]
[Result "1-0"]
[WhiteTitle "IM"]
[BlackTitle "FM"]
[WhiteElo "2464"]
[BlackElo "2129"]
[WhiteFideId "2040506"]
[BlackFideId "2607522"]
[EventDate "2014.07.19"]

1. e4 c6 2. d4 d5 3. e5 Bf5 4. Nf3 e6 5. Be2 Ne7 6. O-O Nd7 7. c3 c5 8. dxc5 Nc6
9. Nd4 Nxc5 10. Bb5 Qb6 11. b4 Nd7 12. Qa4 Bxb1 13. Rxb1 Rc8 14. Be3 Qc7 15. f4
g6 16. Rbc1 Be7 17. c4 Nb6 18. Qxa7 Nxc4 19. Nxc6 bxc6 20. Qxc7 Rxc7 21. Bxc4
dxc4 22. Rxc4 Rd7 23. a3 O-O 24. Rxc6 Ra8 25. Rc3 Bd8 1-0

[Event "51st Canadian Open 2014"]
[Site "Montreal CAN"]
[Date "2014.07.22"]
[Round "5.8"]
[White "Xiong, Jeffery"]
[Black "Leveille, Francois"]
[Result "1/2-1/2"]
[WhiteTitle "IM"]
[BlackTitle "FM"]
[WhiteElo "2441"]
[BlackElo "2281"]
[WhiteFideId "2047640"]
[BlackFideId "2600307"]
[EventDate "2014.07.19"]

1. e4 e5 2. Nf3 Nc6 3. Bb5 a6 4. Ba4 Nf6 5. O-O Nxe4 6. d4 b5 7. Bb3 d5 8. dxe5
Be6 9. Qe2 Be7 10. Rd1 O-O 11. c4 bxc4 12. Bxc4 Bc5 13. Be3 Bxe3 14. Qxe3 Qb8
15. Bb3 Na5 16. Nbd2 Nxb3 17. Nxb3 c5 18. Nxc5 Nxc5 19. Qxc5 Qxb2 20. Qa5 Rfc8
21. Rab1 Qe2 22. Rd2 Qe4 23. Re1 Qc4 24. Nd4 Rab8 25. h3 h6 26. Red1 Qc7 27.
Qxa6 Qc4 28. Qa3 Ra8 29. Qb2 Rab8 30. Qa3 Ra8 31. Qb3 Rcb8 32. Qxc4 dxc4 33.
Nxe6 fxe6 34. Rc1 Rb5 35. Rxc4 Rxe5 36. a4 Ra7 37. Rdd4 Kf7 38. Kf1 Kf6 39. Rf4+
Ke7 40. Rg4 Kd6 41. Rcd4+ Kc5 42. Rde4 Rxe4 43. Rxe4 Kd5 44. f3 e5 45. Kf2 Ra8
46. Kg3 Ra6 47. Rb4 Kc5 48. Rg4 g5 49. h4 Kd5 50. hxg5 hxg5 51. Rb4 Ke6 52. Kf2
Rc6 53. Rb2 Ra6 54. Ra2 Ra5 55. Ke3 Kd5 56. Kd3 g4 57. fxg4 e4+ 58. Ke3 Ke5 59.
Ra3 Kd5 60. Kf4 Ra8 61. a5 Kd4 62. a6 Rf8+ 63. Kg3 e3 64. a7 e2 65. Ra1 Ke3 66.
g5 Ra8 67. Ra3+ Kd2 68. Ra2+ Ke3 69. Ra3+ Kd2 70. Ra2+ Ke3 71. Ra3+ 1/2-1/2

[Event "51st Canadian Open 2014"]
[Site "Montreal CAN"]
[Date "2014.07.22"]
[Round "5.10"]
[White "De Firmian, Nick E"]
[Black "Gentes, Kevin"]
[Result "1-0"]
[WhiteTitle "GM"]
[BlackTitle "FM"]
[WhiteElo "2509"]
[BlackElo "2261"]
[WhiteFideId "2000105"]
[BlackFideId "2601109"]
[EventDate "2014.07.19"]

1. e4 e5 2. Nf3 Nc6 3. Bb5 a6 4. Ba4 Nf6 5. O-O Be7 6. Re1 b5 7. Bb3 d6 8. c3
O-O 9. h3 Na5 10. Bc2 c5 11. d4 Qc7 12. Nbd2 Nc6 13. d5 Nd8 14. a4 Rb8 15. Nf1
Ne8 16. axb5 axb5 17. N3h2 f6 18. f4 exf4 19. Bxf4 Nf7 20. Ne3 g6 21. Nhg4 Ne5
22. Nh6+ Kh8 23. Qd2 Ng7 24. Rf1 Bd7 25. Rf2 b4 26. c4 b3 27. Bd1 Rb4 28. Be2
Ne8 29. Qc3 Qb7 30. Bg4 Ra4 31. Raf1 Bxg4 32. Nhxg4 Nxg4 33. hxg4 Qb4 34. Qd3
Kg7 35. Bg3 Nc7 36. g5 Ne8 37. gxf6+ Rxf6 38. e5 Rxf2 39. Rxf2 Ra1+ 40. Kh2 dxe5
41. Bxe5+ Bf6 42. Rxf6 Nxf6 43. Ng4 Qe1 44. Bxf6+ Kf7 45. d6 Qh1+ 46. Kg3 Qe1+
47. Kh3 Qh1+ 48. Nh2 Qd1 49. Qe4 Qxd6 50. Be5 Qe6+ 51. Kg3 1-0